[Event "Cairns Cup 2019"]
[Site "Saint Louis"]
[Date "2019.02.09"]
[Round "4.2"]
[White "Krush, Irina"]
[Black "Zatonskih, Anna"]
[Result "1-0"]
[WhiteElo "2435"]
[BlackElo "2428"]
[Annotator "TA"]
[PlyCount "117"]
[EventDate "2019.02.06"]
[EventType "tourn"]
[EventCountry "USA"]
[SourceTitle "playchess.com"]
[Source "ChessBase"]
[SourceQuality "1"]

{[%evp 10,117,10,33,20,16,31,27,39,24,26,33,21,24,36,34,56,51,95,55,47,47,45,44,45,49,60,31,27,31,27,19,23,12,35,12,11,26,15,7,18,-13,18,0,10,-15,-25,-12,-14,-10,-18,-27,0,-14,0,0,0,0,8,8,8,8,10,8,0,0,0,0,0,0,543,534,519,518,494,466,391,334,297,212,242,207,190,201,187,185,177,174,136,129,205,0,10,10,240,235,386,386,29986,29987,29987,29988,29988,29989,29989,29990,29990,29991,29991,29992]} 1. d4 d5 2. c4 e6 3. Nc3 Be7 4. cxd5 exd5 5. Bf4 c6 6. e3 Bd6 {D31: Queen's Gambit Declined: Semi-Slav without ...Nf6 (+ Marshall Gambit and Noteboom) and Exchange Variation lines without ...Nf6} (6... Bf5 7. Nge2 Nd7 8. Ng3 Bg6 9. Be2 Ngf6 10. h4 h5 11. Bg5 Ne4 12. Bxe7 Qxe7 13. Nxh5 Bxh5 14. Bxh5 g6 15. Nxe4 Rxh5 16. Ng3 Rxh4 17. Rxh4 Qxh4 {½-½ (52) Navara,D (2741)-Harikrishna,P (2739) Linares 2018}) 7. Qf3 Bxf4 8. Qxf4 Qf6 {White has an edge.} 9. Qc7 Ne7 $146 ({Predecessor:} 9... Nd7 10. Bd3 Ne7 11. Nge2 O-O 12. O-O Nf5 13. b4 Qd6 14. Qxd6 Nxd6 {½-½ (40) Ushenina,A (2495)-Guo,Q (2452) China 2014}) 10. Bd3 O-O 11. Nf3 Ng6 12. O-O b6 13. Rac1 Ba6 14. Bxa6 Nxa6 15. Qb7 Nb4 16. a3 Rfb8 $1 {[%cal Rb8b7]} 17. Qc7 Na6 18. Qg3 (18. Qd7 {is interesting.} Nf8 19. Qh3 Ng6 20. Rc2 Rd8 21. Rfc1) 18... Rd8 19. b4 Rac8 20. b5 Nc7 {[%cal Ba6c7,Bc7e8,Be8f6][%mdl 32]} 21. bxc6 Ne8 22. h4 Qxc6 23. h5 Ne7 24. Ne5 Qe6 25. Ne2 h6 26. a4 Nf6 27. Qh4 Rxc1 28. Rxc1 Rc8 29. Rxc8+ Qxc8 30. g4 Nc6 31. f3 Nxe5 32. dxe5 Nd7 33. Qe7 Qc2 34. e6 fxe6 35. Qxe6+ Kh7 36. Nd4 $36 {[%mdl 2048] Black is under pressure.} Nc5 37. Qe8 Qc1+ 38. Kg2 Qd2+ 39. Kh3 {Nf5 would kill now.} Ne4 $2 {[%mdl 8192]} (39... Qf2 $11) 40. Qg6+ $18 Kh8 41. Ne6 {[%csl Ge6][%cal Rg6g7]} Ng5+ 42. Nxg5 hxg5 43. Qxg5 {[%mdl 4096] Endgame KQ-KQ} Qd1 44. Qd8+ Kh7 45. Qf8 d4 46. Qf5+ Kh8 47. exd4 {aiming for d5.} Qh1+ 48. Kg3 {Hoping for Qe5.} Qg1+ 49. Kh4 Qxd4 (49... Qf2+ $16 {might work better.} 50. Kg5 Qxd4) 50. Qf8+ $2 ({White should play} 50. f4 $1 $18) 50... Kh7 $11 51. f4 {White wants to play Qf5+.} a6 $2 (51... Qd5 $1 $11 {and Black is okay.}) 52. Qf5+ $18 Kh8 $2 (52... Kg8 53. h6 gxh6) 53. Qe5 $1 {[%cal Re5d4]} Qxa4 $2 {[#]} (53... Qd1 $18 54. Qe8+ Kh7 55. Qe4+ Kh8 56. Qe8+ Kh7 57. Qe4+ Kh8) 54. Qb8+ $1 {White mates.} Kh7 {[#]} 55. g5 $1 g6 56. Qc7+ Kg8 57. hxg6 Qa2 58. Qh7+ Kf8 59. g7+ {Accuracy: White = 68%, Black = 48%.} 1-0

[Event "Cairns Cup 2019"]
[Site "Saint Louis"]
[Date "2019.02.09"]
[Round "4.3"]
[White "Dzagnidze, Nana"]
[Black "Gunina, Valentina"]
[Result "0-1"]
[WhiteElo "2513"]
[BlackElo "2501"]
[Annotator "TA"]
[PlyCount "102"]
[EventDate "2019.02.06"]
[EventType "tourn"]
[EventCountry "USA"]
[SourceTitle "playchess.com"]
[Source "ChessBase"]
[SourceQuality "1"]

{[%evp 10,102,24,10,14,25,32,22,22,-31,-31,-31,-11,-31,-33,-29,-29,-41,-42,-31,-31,-55,-41,-53,-60,-60,-70,-75,-81,-66,-62,-79,-68,-101,-75,-68,-48,-50,-49,-97,-93,-129,-128,-129,-125,-156,-14,-14,0,0,0,0,0,0,0,0,0,0,0,0,0,0,0,0,44,0,12,-6,-18,-83,-75,-208,-235,-225,-175,-197,-202,-260,-257,-251,-236,-517,-408,-370,-323,-691,-664,-1000,-956,-29982,-29983,-29984,-29985,-29986,-29987]} 1. e4 c6 2. Nc3 d5 3. Nf3 Bg4 4. h3 Bxf3 5. Qxf3 Nf6 6. Be2 e6 {B11: Caro-Kann: Two Knights Variation} 7. O-O Bc5 (7... Qb6 8. d3 Nbd7 9. Qf4 d4 10. Nb1 Qc5 11. Bd1 Bd6 12. Qg5 Qxg5 13. Bxg5 h6 14. Bc1 {1-0 (72) Fedoseev,V (2718)-Kasimdzhanov,R (2683) Riadh 2017}) 8. Qg3 O-O {The position is equal.} 9. e5 $146 (9. d3 $11) ({Predecessor:} 9. d3 Nbd7 10. Kh1 Ne8 11. f4 f5 12. Na4 Be7 13. c4 d4 14. b3 {0-1 (40) Zhang,X (2318)-Girya,O (2481) China 2018}) 9... Nfd7 $1 $15 10. Kh1 f6 11. exf6 Nxf6 12. d3 Nbd7 13. Be3 Qe7 {White must now prevent ...d4.} 14. d4 Bb4 15. Bd3 e5 16. dxe5 Nxe5 17. Qh4 Bd6 18. Bd4 Nxd3 19. cxd3 Rae8 20. Qg5 a6 21. g3 Nd7 22. Qxe7 Rxe7 23. Kg2 Rfe8 (23... Nc5 {seems wilder.} 24. Rad1 Ne6 25. Bb6 Rfe8 26. Ne2 g6) 24. f4 Bc5 25. Bxc5 Nxc5 26. Rad1 d4 27. b4 Nd7 (27... dxc3 $17 28. bxc5 Re3) 28. Ne4 $11 Nb6 29. Rf2 Nd5 {And now ...Ne3+ would win.} 30. Rb1 h5 31. a3 Nf6 32. Re1 Nxe4 33. Rfe2 {[%cal Re2e4][%mdl 64] [#] Pin} Kf7 34. Rxe4 Rxe4 35. dxe4 {[%mdl 4096] Endgame KR-KR} b6 36. Kf3 Ke6 37. Rc1 Kd6 38. Rc4 c5 39. bxc5+ (39. h4 $1 $11 {remains equal.}) 39... bxc5 $17 40. Ra4 (40. f5 $17) 40... Ra8 $19 41. Ke2 Kc6 42. Kd3 {[#]} a5 $1 43. Kc4 Kb6 44. Kd3 g6 45. h4 $2 (45. Rc4 Rb8 46. Rc1) 45... Kc6 46. Kc4 Ra7 47. e5 $2 (47. Kd3) 47... Ra8 48. Kd3 {If White can now play Kc4 this consolidates a bit.} Kd5 49. Kc2 c4 {Black mates.} 50. e6 Kc5 51. e7 Kb5 {[%mdl 64] Trapped Piece. Accuracy: White = 44%, Black = 69%.} 0-1

[Event "Cairns Cup 2019"]
[Site "Saint Louis"]
[Date "2019.02.09"]
[Round "4.4"]
[White "Khotenashvili, Bela"]
[Black "Abdumalik, Zhansaya"]
[Result "0-1"]
[WhiteElo "2491"]
[BlackElo "2468"]
[Annotator "TA"]
[PlyCount "104"]
[EventDate "2019.02.06"]
[EventType "tourn"]
[EventCountry "USA"]
[SourceTitle "playchess.com"]
[Source "ChessBase"]
[SourceQuality "1"]

{[%evp 9,104,-10,0,0,0,0,0,0,0,0,0,-6,-1,-9,7,1,57,44,49,45,35,1,31,2,14,-51,-9,-164,-163,-162,-127,-119,-122,-308,-319,-332,-337,-540,-530,-506,-503,-591,-592,-578,-550,-543,-567,-499,-354,-363,-362,-348,-335,-310,-265,-310,-310,-294,-299,-294,-241,-179,-181,-131,0,0,0,-8,0,0,0,-126,-14,-14,-21,-206,-206,-200,-199,-206,-199,-191,-175,-358,-352,-352,-336,-588,-141,-588,-588,-566,-566,-554,-538,-475,-468]} 1. d4 Nf6 2. Bf4 g6 3. Nc3 d5 4. e3 Bg7 5. h4 h5 6. Nb5 {A45: Trompowsky Attack} Na6 {[%cal Bb8a6,Ba6c7,Bc7e6][%mdl 32]} 7. Nf3 c6 8. Nc3 {The position is equal.} Nc7 9. Bd3 O-O $146 ({Predecessor:} 9... Ng4 10. Qd2 O-O 11. O-O-O {0-1 (55) Matlakov,M (2691)-Chigaev,M (2551) Sochi 2016}) 10. Qd2 Ne6 11. Be5 c5 12. Ng5 Ng4 (12... Qa5 $11) 13. Bxg7 $14 Kxg7 14. f3 Nf6 15. O-O-O Qa5 (15... c4 $5 {[%cal Rc4d3]} 16. Be2 Rb8 $11) 16. g4 c4 (16... cxd4 17. exd4 Nxd4 18. gxh5 $16) 17. Be2 (17. Bf5 $11) 17... b5 $1 $36 {[%cal Bb7b5,Bb5b4][%mdl 2080] White should prevent ...hxg4. Black has good play.} 18. gxh5 $2 (18. e4 $1 $11) 18... b4 $19 (18... Nxh5 19. Nxd5 Qxd2+ 20. Kxd2 $16) 19. h6+ Kh8 {...Rb8 is the strong threat.} 20. Nb1 Rb8 $1 21. c3 $2 (21. a3 $17) 21... Qxa2 22. cxb4 Nxg5 $1 23. hxg5 $2 (23. Nc3 Qa1+ 24. Kc2 Bf5+ 25. e4 Ngxe4 26. Rxa1 Nxd2+ 27. Kxd2) 23... Bf5 $1 {[%csl Gf5][%cal Ra2b1]} 24. Qc3 a5 25. e4 axb4 26. Bxc4 {[#]} Qxb1+ $3 {[%mdl 512]} 27. Kxb1 bxc3 28. Rh2 Nh7 (28... dxc4 $2 29. gxf6 Bd7 30. fxe7 $19) 29. Bxd5 Be6 ({Not} 29... Nxg5 30. exf5 Rfd8 31. Bc6 $17) 30. f4 Bxd5 31. exd5 Rfd8 32. Rc2 cxb2 ({But not} 32... Rxd5 33. Rxc3 Nf8 34. Rc7 $19) 33. Rxb2 Rxb2+ 34. Kxb2 {[%mdl 4096] Endgame KRN-KR} Kg8 35. Ra1 Nf8 ({Much less strong is} 35... Rxd5 36. Ra8+ Nf8 37. h7+ Kxh7 38. Rxf8 $17) 36. Kc3 Nd7 (36... f6 $17 {Threatens to win with ...fxg5.} 37. Kc4 Kf7) 37. Ra6 $1 $11 Nf8 38. Kc4 Nd7 39. Kd3 f6 40. Ra7 (40. d6 $11 {remains equal.} Kf7 41. dxe7 Kxe7 42. Ra7) 40... Kf7 ({Black should play} 40... fxg5 $1 $17 41. fxg5 Kf7) 41. d6 $1 exd6 42. Ke4 $2 (42. f5 $1 $11 {and White is okay.}) 42... fxg5 $1 $19 43. fxg5 {With the idea Kd5.} Ke6 $1 44. d5+ Ke7 45. Kd4 Rc8 46. Ra1 $2 {[#]} (46. Rb7) 46... Ne5 $1 47. Ra7+ Kf8 48. Rh7 $2 (48. Ra6 Rd8 49. Ke4) 48... Rc4+ 49. Ke3 {[#]} Nf7 $1 {Black is clearly winning.} 50. Rg7 Rg4 51. Rxg6 {Threatening h7.} Rxg5 52. Rf6 Rxd5 {Accuracy: White = 51%, Black = 73%.} 0-1

[Event "Cairns Cup 2019"]
[Site "Saint Louis"]
[Date "2019.02.09"]
[Round "4.5"]
[White "Harika, Dronavalli"]
[Black "Paehtz, Elisabeth"]
[Result "1/2-1/2"]
[WhiteElo "2471"]
[BlackElo "2466"]
[Annotator "TA"]
[PlyCount "62"]
[EventDate "2019.02.06"]
[EventType "tourn"]
[EventCountry "USA"]
[SourceTitle "playchess.com"]
[Source "ChessBase"]
[SourceQuality "1"]

{[%evp 14,62,58,49,79,12,0,22,14,0,33,22,30,0,39,22,26,3,9,-25,-15,-18,-15,-17,4,0,9,5,5,-1,0,0,0,0,0,0,0,0,0,0,0,0,0,0,0,0,0,0,0,0,0]} 1. c4 g6 2. d4 Bg7 3. e4 d6 4. Nc3 Nf6 5. Be2 O-O 6. Be3 Na6 7. Nf3 c5 8. O-O Bg4 {E91: King's Indian: Classical: 6 Be2, unusual replies including 6...c5 and 6...Bg4} 9. e5 $146 (9. d5 $16) ({Predecessor:} 9. Qd2 Nd7 10. Rad1 Nc7 11. Rfe1 Bxf3 12. Bxf3 cxd4 13. Bxd4 Ne5 14. Be2 Ne6 15. Be3 Nc6 16. Nd5 {1-0 (41) Tran,T (2524)-Manik,M (2410) Bhopal 2018}) 9... dxe5 $11 10. dxe5 Nd7 11. h3 Bxf3 12. Bxf3 Nc7 13. Qa4 Nb6 14. Qb3 {Black must now prevent Rad1.} Ne6 15. a4 Rb8 16. a5 Nd7 17. Rfd1 {[#] Hoping for Qa4.The position is equal.} Bxe5 18. Rd5 Qe8 19. Qa4 Bxc3 20. bxc3 Nf6 21. Rd2 Qxa4 22. Rxa4 Rfc8 23. Ra1 Ne8 24. Bd5 Nd6 25. Re1 b6 26. axb6 Rxb6 27. Ra2 a6 28. Ra5 Nb7 29. Raa1 Nd6 30. Ra5 Nb7 31. Raa1 Nd6 {Accuracy: White = 64%, Black = 69%.} 1/2-1/2

[Event "Cairns Cup 2019"]
[Site "Saint Louis"]
[Date "2019.02.10"]
[Round "5.1"]
[White "Kosteniuk, Alexandra"]
[Black "Khotenashvili, Bela"]
[Result "1-0"]
[WhiteElo "2532"]
[BlackElo "2491"]
[Annotator "TA"]
[PlyCount "107"]
[EventDate "2019.02.06"]
[EventType "tourn"]
[EventCountry "USA"]
[SourceTitle "playchess.com"]
[Source "ChessBase"]
[SourceQuality "1"]

{[%evp 21,107,6,7,0,0,10,25,0,0,-33,-15,-23,-31,-31,-57,-72,0,0,0,0,0,0,0,0,0,0,0,0,212,213,197,185,184,64,66,72,161,173,172,175,164,0,422,0,0,0,37,0,254,250,239,231,245,227,229,226,274,244,240,240,229,223,254,235,232,227,243,243,315,317,329,335,316,325,314,300,372,328,435,401,410,400,462,468,470,440,551,542]} 1. d4 Nf6 2. c4 g6 3. Nc3 d5 4. Nf3 Bg7 5. e3 O-O 6. cxd5 Nxd5 7. Bc4 Nb6 8. Bb3 c5 9. O-O cxd4 10. exd4 Nc6 11. d5 Na5 12. h3 {D94: Grünfeld: 4 Nf3 Bg7 5 e3} Nxb3 13. axb3 e6 {[%cal Rb6d5]} 14. d6 {White has an edge.} Bd7 {[#]} 15. Nd4 $146 {[%cal Bf3d4,Bd4b5,Bb5c7][%mdl 32]} ({Predecessor:} 15. Bg5 f6 16. Be3 Bc6 17. Bc5 e5 18. b4 Kh8 19. b5 Bd7 {1-0 (40) Potkin,V (2642)-Alekseev,E (2677) Tyumen 2012}) 15... Qf6 16. Ndb5 a6 17. Nc7 {Black must now prevent Be3.} Rad8 18. Ra5 h6 (18... Qh4 $1 $17 19. Be3 Nc8) 19. Ne4 $11 Qh4 20. f3 $1 {Strongly threatening Be3.} f5 21. Nc5 $1 Qb4 $1 {[%cal Rb4a5]} 22. Qd2 Bd4+ 23. Kh1 Bxc5 24. Qxh6 Rf6 $2 ({Avoid the trap} 24... Bxd6 $2 25. Qxg6+ Kh8 26. Qh6+ Kg8 27. Nxe6 $1 $18 {[%mdl 512]}) (24... Qxa5 $11 {and Black has nothing to worry.} 25. Qxg6+ Kh8) 25. Bd2 $1 $18 {[%cal Rd2b4][%mdl 1024] White has strong compensation.} Qd4 26. Bc3 Qd3 27. Raa1 $40 {[%mdl 128] White has some attack.} ({White must play} 27. Rxc5 $18 Qxf1+ 28. Kh2) 27... Rdf8 $1 $14 ({Wrong is} 27... Bd4 $2 28. Rfd1 $18) 28. Qh4 $1 Kg7 {[#]} (28... Qxd6 $16 {might work better.} 29. Bxf6 Qxc7) 29. Rad1 $1 $18 {[%cal Rd1d3]} Qc2 {[#] And now ...f4 would win.} 30. Rc1 $1 {[%cal Rc1c2]} Qd3 31. Rcd1 $2 (31. Rfd1 $18 Qe3 32. Re1) 31... Qe2 $2 {[%mdl 8192]} (31... Qc2 $1 $11 {and Black is okay.}) 32. Rde1 $2 (32. Rfe1 $18 Qf2 33. Qf4) 32... Qd3 $11 33. Rd1 Qc2 {Threatens to win with ...f4.} 34. Rc1 Qxb3 $2 {[%mdl 8192]} (34... Qd3 $11 {and Black stays safe.} 35. Rfd1 Qe3) 35. Bxf6+ $18 Rxf6 36. Rxc5 {aiming for Re1.} Qd3 37. Rcc1 Qxd6 {Black wants to play ...Bc6.} 38. Rfd1 Qe7 39. Qf2 e5 40. Qc5 Qxc5 41. Rxc5 Rc6 42. Rxc6 Bxc6 {[%mdl 4096] Endgame KRN-KBN} 43. Ne6+ Kf6 44. Nd8 Bd5 {[#]} 45. Nxb7 $1 {[%mdl 512]} e4 (45... Bxb7 46. Rd6+) 46. fxe4 fxe4 47. Nc5 Ke5 48. Nxa6 e3 49. Nb4 Bc4 50. Kg1 e2 51. Re1 Ke4 {intending ...Ke3.} 52. Kf2 {White is clearly winning.} Nd7 {[#]} 53. b3 $1 Bb5 (53... Bxb3 54. Rxe2+) 54. Na2 {Precision: White = 70%, Black = 39%.} 1-0

[Event "Cairns Cup 2019"]
[Site "Saint Louis"]
[Date "2019.02.10"]
[Round "5.2"]
[White "Abdumalik, Zhansaya"]
[Black "Krush, Irina"]
[Result "0-1"]
[WhiteElo "2468"]
[BlackElo "2435"]
[Annotator "TA"]
[PlyCount "90"]
[EventDate "2019.02.06"]
[EventType "tourn"]
[EventCountry "USA"]
[SourceTitle "playchess.com"]
[Source "ChessBase"]
[SourceQuality "1"]

{[%evp 9,90,15,6,14,22,15,9,8,18,-17,-16,-11,-16,-17,-18,-41,-21,-33,-31,-36,4,-36,-6,-20,-7,-8,0,-22,-26,-37,-12,-74,-8,-60,-26,-142,-134,-139,-141,-148,-134,-117,-96,-184,-169,-170,-187,-181,-179,-173,-109,-171,-103,-207,-197,-256,-264,-471,-463,-604,-592,-1016,-1010,-1334,-1010,-957,-541,-943,-942,-804,-769,-772,-762,-746,-671,-1161,-1018,-29978,-29979,-29973,-29974,-29986,-29982]} 1. e4 c6 2. d4 d5 3. exd5 cxd5 4. Nf3 Nf6 5. Ne5 g6 6. Bb5+ {B13: Caro-Kann: Exchange Variation and Panov-Botvinnik Attack} (6. c3 Bg7 7. Bd3 O-O 8. O-O Nc6 9. Qe2 Nxe5 10. dxe5 Nd7 11. Bf4 Nc5 {1-0 (42) Duda,J (2731)-Moranda,W (2601) Poland 2018}) 6... Nbd7 7. O-O Bg7 8. c3 {The position is equal.} O-O 9. f4 Ne4 10. Bd3 Ndf6 11. Nd2 Bf5 $146 ({Predecessor:} 11... Nd6) 12. Ndf3 e6 13. Qe1 Nd6 14. Be2 b5 15. h3 Qc7 16. b3 Be4 17. Ba3 Bxf3 18. Rxf3 Nfe4 19. Rc1 Rfc8 20. Kh2 (20. c4 $11 {remains equal.}) 20... a5 (20... Qa5 $17 21. Bxd6 Nxd6) 21. Bd3 (21. c4 $11) 21... Qa7 22. Rc2 {[#]} (22. c4 $11 {keeps the balance.}) 22... b4 $1 $17 {[%cal Rb4a3][%mdl 512]} 23. cxb4 Rxc2 ({And not} 23... Qxd4 24. Nc6 $16) 24. Bxc2 axb4 ({Don't do} 24... Qxd4 25. bxa5 Bxe5 26. fxe5 $15) 25. Bxb4 Qxa2 26. Bd3 {[#]} (26. Bxe4 $17 {was worth a try.} Nxe4 27. Qc1) 26... Qb2 $1 $19 {Strongly threatening ...Ra1.} 27. Bxd6 Nxd6 28. Qb4 Bf8 29. Qb6 Qd2 $40 {[%mdl 128] Black attacks with force.} ({Black should play} 29... Ra2 $19 {[%csl Ga2][%cal Rb2g2]} 30. Bf1 Qd2) 30. Bf1 (30. Ba6 $17) 30... h5 ({Better is} 30... Ra2 $19 31. f5 exf5) 31. Qc6 (31. Ba6 $17) 31... Ra1 32. Qd7 (32. Qb6 $142) 32... Qxd4 33. Nc6 $2 (33. Qd8 Rc1 34. Nd7) 33... Qf6 34. b4 Ne4 35. Bd3 h4 {Threatens to win with ...Ng3.} 36. Qc7 Ng3 37. Rxg3 hxg3+ 38. Kxg3 Ra3 39. Ne5 Bh6 {[%csl Gh6][%cal Rf6f4]} 40. Qc1 Kg7 41. Qe3 Rb3 42. b5 Rb4 {[%cal Rh6f4]} 43. Ng4 Bxf4+ {[%mdl 64] Double Attack. Black mates.} 44. Kf3 Qc3 45. Qe2 e5 {Accuracy: White = 31%, Black = 63%.} 0-1

[Event "Cairns Cup 2019"]
[Site "Saint Louis"]
[Date "2019.02.10"]
[Round "5.3"]
[White "Gunina, Valentina"]
[Black "Sebag, Marie"]
[Result "1-0"]
[WhiteElo "2501"]
[BlackElo "2476"]
[Annotator "TA"]
[PlyCount "59"]
[EventDate "2019.02.06"]
[EventType "tourn"]
[EventCountry "USA"]
[SourceTitle "playchess.com"]
[Source "ChessBase"]
[SourceQuality "1"]

{[%evp 10,59,22,20,25,4,19,-15,27,2,0,-14,21,19,28,-14,-25,-42,28,0,12,0,12,-45,-47,-57,-11,-37,-20,-43,0,0,93,92,353,-134,334,287,346,325,1123,597,1189,1166,1160,1148,29994,29995,29995,29995,29998,29999]} 1. e4 c5 2. Nf3 d6 3. d4 cxd4 4. Nxd4 Nf6 5. Nc3 a6 6. Nb3 e6 {B90: Sicilian Najdorf: Unusual White 6th moves, 6 Be3 Ng4 and 6 Be3 e5} (6... g6 7. Be3 Bg7 8. Qd2 Ng4 9. Bg5 h6 10. Bh4 g5 11. Bg3 Nc6 12. Be2 Nge5 13. h4 gxh4 14. Bxh4 {0-1 (35) Alekseenko,K (2638)-Nepomniachtchi,I (2763) St Petersburg 2018}) 7. g4 b5 8. g5 Nfd7 {The position is equal.} 9. Bg2 Bb7 10. f4 Nc6 11. h4 Nb6 $146 ({Predecessor:} 11... b4 12. Ne2 Qb6 13. Rh3 a5 {½-½ (40) Bartel,M (2653)-Zubov,A (2612) Gjakova 2016}) 12. Qg4 b4 13. Ne2 Nc4 ({Black should try} 13... a5 $1 $15) 14. O-O a5 {[%cal Ba6a5,Ba5a4][%mdl 32]} 15. c3 e5 16. fxe5 (16. Qg3 $11) 16... dxe5 $15 17. Qf3 {[%csl Gf1][%cal Rf3f7]} Qc7 18. cxb4 Nxb4 {Threatens to win with ...a4.} 19. Nc3 a4 20. Nb5 Qd7 (20... Qb6+ $11 21. Kh2 Qxb5 22. Qxf7+ Kd8) 21. Bh3 $16 Qxb5 $2 {[%mdl 8192]} (21... Qe7 $16 22. Nd2 Ba6 23. Nxc4 Bxb5) 22. Qxf7+ $18 Kd8 {[#] ...Nd6 is the strong threat.} 23. g6 $1 {Bg5+ would kill now.} h6 {[#]} 24. Bxh6 $1 {[%mdl 512] White threatens Bg5+ and mate.} gxh6 $2 (24... Be7) 25. Rad1+ Nd5 26. g7 Bxg7 27. Qxg7 {Intending Rf7 and mate.} axb3 28. Rf7 {White mates.} Qc5+ 29. Kh2 Ke8 {[#]} 30. Rf8+ $1 {[%mdl 512] Accuracy: White = 70%, Black = 45%.} 1-0

[Event "Cairns Cup 2019"]
[Site "Saint Louis"]
[Date "2019.02.10"]
[Round "5.4"]
[White "Zatonskih, Anna"]
[Black "Harika, Dronavalli"]
[Result "1/2-1/2"]
[WhiteElo "2428"]
[BlackElo "2471"]
[Annotator "TA"]
[PlyCount "97"]
[EventDate "2019.02.06"]
[EventType "tourn"]
[EventCountry "USA"]
[SourceTitle "playchess.com"]
[Source "ChessBase"]
[SourceQuality "1"]

{[%evp 9,97,13,53,2,6,0,19,7,20,16,16,13,45,7,20,-20,27,27,33,22,25,25,27,25,50,-8,-12,-20,-22,-48,-41,-55,-51,-109,-109,-103,-110,-101,-100,-141,-140,-155,-131,-132,-124,-143,-125,-129,-123,-139,-124,-166,-112,-157,-116,-119,-116,-137,-163,-161,-152,-151,-156,-132,-83,-89,-83,-100,-8,-8,-8,-8,0,0,0,0,0,0,0,-8,-8,-8,0,0,0,0,0,0,0,0]} 1. d4 d5 2. c4 e6 3. Nc3 Bb4 4. a3 Bxc3+ 5. bxc3 c6 (5... Nf6 6. e3 c5 7. Nf3 O-O 8. Be2 dxc4 9. Bxc4 Qc7 10. Be2 b6 11. O-O Bb7 12. Bb2 Nbd7 13. h3 Rfd8 14. a4 Rac8 15. a5 h6 16. axb6 axb6 17. Ra7 Ra8 18. Rxa8 Rxa8 19. c4 Rc8 20. Qb3 Qc6 {½-½ (51) Nepomniachtchi,I (2768)-Inarkiev,E (2690) Satka 2018}) 6. Qb3 $146 {D31: Queen's Gambit Declined: Semi-Slav without ...Nf6 (+ Marshall Gambit and Noteboom) and Exchange Variation lines without ...Nf6} ({White should play} 6. a4 $14) ({Predecessor:} 6. e3 Nf6 7. a4 O-O 8. a5 c5 9. Nf3 Ne4 10. Bb2 Nc6 11. Qa4 Bd7 12. Qa2 Nf6 13. dxc5 dxc4 14. Bxc4 {½-½ (57) Petrosyan,M (2565)-Alonso Rosell,A (2524) Sitges 2018}) 6... Nf6 $11 7. Bg5 Nbd7 8. e3 O-O 9. Bd3 dxc4 10. Bxc4 Nb6 11. Bxf6 Qxf6 12. Nf3 Nd7 {[%cal Bb6d7,Bd7b8,Bb8c6,Bc6e5][%mdl 32]} 13. O-O b6 14. Rad1 Bb7 15. e4 Rad8 16. Rfe1 Qe7 17. e5 (17. a4 $14) 17... Nb8 18. Nd2 c5 19. Qb2 cxd4 20. cxd4 Nc6 21. Ne4 {[#]} (21. d5 $15 exd5 22. Bd3) 21... Nxe5 $1 $17 {[%mdl 512]} 22. dxe5 {Hoping for Nd6.} Rxd1 23. Rxd1 {aiming for Nd6.} Bxe4 24. Rd6 Rc8 25. Bf1 h6 26. Qb4 Qb7 27. f3 Bd5 28. h3 Qc7 {White must now prevent ...Qc1.} 29. Ba6 Rb8 30. Kh2 {[#]} Rf8 (30... b5 $1 $19 {[%mdl 512]} 31. Qd4 (31. Bxb5 a6) 31... g5) 31. Bd3 Qc5 32. Qxc5 bxc5 {[%cal Bb6c5,Bc5c4][%mdl 4128] Endgame KRB-KRB} 33. Kg3 Rb8 34. Rd7 c4 35. Bc2 a6 36. h4 g6 37. Rc7 Kf8 38. Ba4 Rb7 (38... Rb2 $17 {next ...Re2 is good for Black.} 39. Bd7 Rb3 40. Rc8+ Kg7) 39. Rxb7 $1 $11 {The position is equal.} Bxb7 {KB-KB} 40. Kf4 Ke7 41. Ke3 f6 42. Kd4 Bd5 43. Bd1 g5 44. g3 fxe5+ 45. Kxe5 c3 {Threatens to win with ...gxh4.} 46. f4 gxh4 47. gxh4 a5 48. Bc2 Bc6 49. Kd4 {Precision: White = 53%, Black = 52%.} 1/2-1/2